Normal view
MARC view
- Kermally, Sultan
Entry Personal Name
001 - CONTROL NUMBER
- control field: 99365
003 - CONTROL NUMBER IDENTIFIER
- control field: NUST
005 - DATE AND TIME OF LATEST TRANSACTION
- control field: 20221006160208.0
008 - FIXED-LENGTH DATA ELEMENTS
- fixed length control field: 221006|| aca||aabn | a|a d
040 ## - CATALOGING SOURCE
- Original cataloging agency: NUST
- Transcribing agency: NUST
100 ## - HEADING--PERSONAL NAME
- Personal name: Kermally, Sultan
670 ## - SOURCE DATA FOUND
- Source citation: Work cat.: (NUST)0: Kermally, Sultan., Gurus on managing people /, c2004.
